| 000 | 00000nam##2200000za#4500 |
| 001 | 9.620665 |
| 003 | CaOODSP |
| 005 | 20240212134142 |
| 007 | ta |
| 008 | 150406|1992||||xxc||||| f|0| 0 fre|d |
| 020 | |z0-662-97325-9 |
| 022 | |a1713-0646 |
| 040 | |aCaOODSP|bfre |
| 043 | |an-cn--- |
| 086 | 1 |aNE22-1/1991-13-2F |
| 110 | 1 |aCanada. |bOffice national de l'énergie. |
| 245 | 10|aDemandes de licences d'exportation de gaz naturel déposées conformément à la Loi sur l'Office national de l'énergie |
| 260 | |aCalgary - Alberta : |bOffice national de l'énergie |c1992. |
| 490 | 1 |aMotifs de décision |x1713-0646 |
| 691 | 07|aIndustrie pétrolière|2gcpds |
| 776 | 0#|tMotifs de décision relativement à Amoco Canada Petroleum Company Ltd., Canadian Occidental Petroleum Ltd., Mobil Oil Canada, Ltd., Northern Canadian Marketing Inc. et East Georgia Cogeneration (Vermont) Limited Partnership, ProGas Limited, Shell Canada Limited, Unigas Corporation, Western Gas Marketing Limited, Western Gas Marketing Limited, à titre de mandataire de Northern Minnesota Utilities, division de UtiliCorp United Inc. : |w(CaOODSP)9.602633 |
| 830 | #0|aMotifs de décision (Canada. Office national de l'énergie)|x1713-0646|w(CaOODSP)9.513162 |